| 000 | 00464nam a22001937a 4500 | ||
|---|---|---|---|
| 999 |
_c13720 _d13720 |
||
| 003 | OSt | ||
| 005 | 20250910120608.0 | ||
| 008 | 250910b ||||| |||| 00| 0 eng d | ||
| 020 | _a9789394168428 | ||
| 040 | _aBMSCA | ||
| 041 | _aeng | ||
| 082 |
_223 _bJAIN |
||
| 100 | _aJain, Jinisha | ||
| 245 |
_aGate-2023 _bArchitecture & Planning Volume 01 |
||
| 260 |
_aNew Delhi _bG.K. Publications (P) LTD. _cc2022 |
||
| 300 | _c80cm | ||
| 650 | _2LCSH | ||
| 942 | _2ddc | ||